| 000 | 00531nam a2200109Ia 4500 | ||
|---|---|---|---|
| 008 | 171212s9999 xx 000 0 und d | ||
| 100 | _aGoldman, Charles A.;Butterfield, Lindsay;Lavery, Diana Catherine;Miller, Trey;Daugherty, Lindsay | ||
| 245 |
_cGoldman, Charles A.;Butterfield, Lindsay;Lavery, Diana Catherine;Miller, Trey;Daugherty, Lindsay _aUsing Workforce Information for Degree Program Planning in Texas |
||
| 260 |
_bRAND Corporation _c2015 |
||
| 650 | _aBusiness | ||
| 856 | _uhttp://www.jstor.org/stable/10.7249/j.ctt14bs2tm | ||
| 999 |
_c352797 _d352797 |
||